Statistiques concernant Les personnages de Fast & Furious

Cliquez ici pour prendre le quiz!

Statistiques générales

  • Ce quiz a été pris 298 fois
    (125 depuis la dernière actualisation)
  • Le résultat moyen est 14 sur 74

Statistiques - réponses

Réponse% Correct
Dom
98%
Brian
86%
Mia
83%
Letty
81%
Roman
68%
Han
67%
Tej
67%
Luke Hobbs
63%
Owen Shaw
55%
Deckard Shaw
54%
Elle
51%
Jack
51%
Magdalene Shaw
47%
Elena
44%
Gisele
39%
Jakob
34%
Vince
34%
Cipher
33%
M.Personne
27%
Ramsey
24%
Hernan Reyes
23%
Suki
23%
Dante Reyes
21%
Sean
19%
Leon
18%
Braga
17%
Hector
16%
Jesse
15%
Monica
15%
Brian Toretto
13%
Tess
12%
D.K
11%
Johnny
11%
Twinkie
11%
Jack Toretto
9%
Tego
9%
Fenix
8%
Rico
8%
Bilkins
7%
Neela
6%
Verone
6%
Harry
5%
Lance
5%
Aimes
4%
Enrique
4%
Isabella
4%
Jakande
4%
Buddy
3%
David Park
3%
Kara
2%
Kiet
2%
Stasiak
2%
Zizi
2%
Abuela Toretto
1%
Diogo
1%
Earl
1%
Eric Reisner
1%
Lieutenant Boswell
1%
Morimoto
1%
Orange Julius
1%
Rhodes
1%
Riley
1%
Roberto
1%
Slap Jack
1%
Dunn
0%
Jah
0%
Jimmy
0%
Kenny Linder
0%
Mando
0%
Otto
0%
Safar
0%
Sheppard
0%
T-Pain
0%
Vegh
0%

Distribution des résultats

Percentile par nombre de réponses

% des personnes avec chaque résultat

Votre développement - résultats

Vous n’avez pas pris ce quiz depuis la dernière actualisation